03028 2200565 4500001002100000005001500021035002000036007000300056008004100059020002200100082001000122084001900132100002500151245054200176300004500718650004800763700003100811700002700842700002900869700002200898700002600920700003000946700003100976700003001007700003401037700003001071700002601101700003401127700002701161700003101188700002601219700003701245700002901282700002601311700002401337700002901361700003001390700002101420700002901441700003001470520066301500264005302163336002102216337003002237338002302267250003602290740010902326500001102435990001602446INLIS00000000116344320231026032807 a0010-1023000010ta231026 g 0 ind  a978-623-321-237-3 a959.8 aSR 959.8 ABD d0 aAbdul Wahidepenulis1 aDunia revolusi :bperspektif dan dinamika lokal pada masa perang kemerdekaan indonesia, 1945-1949 /cAbdul Wahid, Anne van der Veer, Anne-Lot Hoek, Apriani Harahap, Erniwati, Farabi Fakih, Galuh Ambar Sasi, Gerry van Klinken, Julianto Ibrahim, Maarten van der Bent, Martijn Eickhoff, Mawardi Umar, Muhammad Yuanda Zara, Roel Frakking, Sarkawi B. Husain, Taufik Ahmad, Tri Wahyuning M. Irsyam; editor, Bambang Purwanto, Roel Frakking, Abdul Wahid, Martijn Eickhoff, Gerry van Klinken, Yulianti, Ireen Hoogenboom; penerjemah, Taufiq Hanafi axviii, 558 halaman :bilustrasi ;c24 cm 4aIndonesia -- Sejarah -- Revolusi, 1945-19500 aAnne van der Veerepenulis0 aAnne-Lot Hoekepenulis0 aApriani Harahapepenulis0 aErniwatiepenulis0 aFarabi Fakihepenulis0 aGaluh Ambar Sasiepenulis0 aGerry van Klinkenepenulis0 aJulianto Ibrahimepenulis0 aMaarten van der Bentepenulis0 aMartijn Eickhoffepenulis0 aMawardi Umarepenulis0 aMuhammad Yuanda Zaraepenulis0 aRoel Frakkingepenulis0 aSarkawi B. Husainepenulis0 aTaufik Ahmadepenulis0 aTri Wahyuning M. Irsyamepenulis0 aBambang Purwantoeeditor0 aRoel Frakkingeeditor0 aAbdul Wahideeditor0 aMartijn Eickhoffeeditor0 aGerry van Klinkeneeditor0 aYuliantieeditor0 aIreen Hoogenboomeeditor0 aTaufiq Hanafiepenerjemah aMempertemukan dua tradisi historiografi nasional yang telah lama terpisah, Dunia Revolusi merupakan hasil kerja sama antara peneliti Indonesia melalui proyek penelitian Proklamasi Kemerdekaan, Revolusi dan Perang di Indonesia, 1945–1949 yang diselenggarakan oleh Departemen Sejarah, Universitas Gadjah Mada dan Peneliti Belanda yang tergabung dalam Program Studi Regional (Regional Studies Project) yang dikelola KITLV (Koninklijk Instituut voor Taal, -Land en Volkenkunde), di bawah payung proyek penelitian Kemerdekaan, Dekolonisasi, Kekerasan dan Perang di Indonesia, 1945-1950 (Independence, Decolonization, Violence and War in Indonesia, 1945–1950). aJakarta :bYayasan Pustaka Obor Indonesia,c2023 2rdacontentateks 2rdamediaatanpa perantara 2rdacarrieravolume aCetakan Pertama, September 2023 arevolutionary worlds : local perspectives and dynamics during the indonesian independence war, 1945-1949 aIndeks a52255.65075